000 00444nam a2200145Ia 4500
008 151213s9999 xx 000 0 und d
100 _aMordecui Marcus Cliffs Notes
245 _aEmily Dickinson Selected Poems Notes
_cMordecui Marcus Cliffs Notes
260 _aNew Delhi
_bKalyani Publication
_c1991
300 _a3541 p.
650 _aEnglish Literature
650 _aLiterature
700 _aMordecui Marcus Cliffs Notes
999 _c2346
_d2346